Подробности
| 000 -МАРКЕР |
| контрольное поле |
01924nam0a22003851 4500 |
| 001 - ИДЕНТИФИКАТОР ЗАПИСИ |
| контрольное поле |
v19\rc\1843622 |
| 005 - ИДЕНТИФИКАТОР ВЕРСИИ |
| контрольное поле |
20260405231623.0 |
| 035 ## - ДРУГИЕ СИСТЕМНЫЕ НОМЕРА |
| Идентификатор записи |
(NLR Aleph) 004936689 |
| 100 ## - ДАННЫЕ ОБЩЕЙ ОБРАБОТКИ |
| Данные общей обработки |
20251123 rusy50 |
| 101 0# - ЯЗЫК РЕСУРСА |
| Язык текста, звукозаписи и т.д. |
русский |
| 102 ## - СТРАНА ПУБЛИКАЦИИ ИЛИ ПРОИЗВОДСТВА |
| Страна публикации |
Российская Федерация |
| 105 ## - ПОЛЕ КОДИРОВАННЫХ ДАННЫХ: ТЕКСТОВЫЕ МАТЕРИАЛЫ, МОНОГРАФИЧЕСКИЕ |
| Кодированные данные о монографическом текстовом документе |
y z ||||| |
| 200 1# - ЗАГЛАВИЕ И СВЕДЕНИЯ ОБ ОТВЕТСТВЕННОСТИ |
| Основное заглавие |
К характеристике низового рыболовства на р. Енисее |
| Первые сведения об ответственности |
[А. Тугаринов] |
| 210 ## - ПУБЛИКАЦИЯ, РАСПРОСТРАНЕНИЕ И ДР. |
| Место издания, распространения и т.д. |
Санкт-Петербург |
| Имя издателя, распространителя и т. д. |
типография М.П. Фроловой |
| Дата издания, распространения и т.д. |
[1908] |
| 215 ## - ФИЗИЧЕСКАЯ ХАРАКТЕРИСТИКА |
| Специфическое обозначение материала и объем |
25 с. |
| Размеры |
23 |
| 300 ## - ОБЩИЕ ПРИМЕЧАНИЯ |
| Текст примечания |
Авт. указан в конце текста |
| 309 ## - ПРИМЕЧАНИЯ ОБ ОСНОВНОМ ИСТОЧНИКЕ ИНФОРМАЦИИ И ОБ ОСОБЕННОСТЯХ ПОЛИГРАФИЧЕСКОГО ОФОРМЛЕНИЯ ИЗДАНИЯ |
| Текст примечания |
Без тит. л. и обл. |
| 311 ## - ПРИМЕЧАНИЯ, ОТНОСЯЩИЕСЯ К ПОЛЯМ СВЯЗИ (ПРИМЕЧАНИЯ О СВЯЗИ С ДРУГИМИ ПРОИЗВЕДЕНИЯМИ (ИЗДАНИЯМИ)) |
| Текст примечания |
[Отт. из "Вестн. рыбопром-сти". 1908, № 10] |
| 320 ## - ПРИМЕЧАНИЯ О НАЛИЧИИ В ДОКУМЕНТЕ БИБЛИОГРАФИИ / УКАЗАТЕЛЯ |
| Текст примечания |
Библиогр. в подстроч. примеч. |
| 488 #0 - ДРУГИЕ ВЗАИМОСВЯЗАННЫЕ ПРОИЗВЕДЕНИЯ (ДОКУМЕНТЫ) |
| Встроенное поле |
2001#$aВестник рыбопромышленности$v1908, № 10 |
| -- |
71002$3RU\NLR\AUTH\880359203$a"Вестник рыбопромышленности", журнал$c1886-1911; Санкт-Петербург |
| Заглавие |
Вестник рыбопромышленности |
| Автор |
"Вестник рыбопромышленности", журнал (1886-1911; Санкт-Петербург) |
| 532 12 - РАСШИРЕННОЕ ЗАГЛАВИЕ |
| Заглавие |
К характеристике низового рыболовства на реке Енисее |
| 606 ## - НАИМЕНОВАНИЕ ТЕМЫ КАК ПРЕДМЕТ |
| Наименование темы |
Рыболовство |
| Географический подзаголовок |
Енисей, река (Сибирь) |
| Системный номер авторитетной/нормативной записи |
2168209 |
| Идентификатор авторитетной/нормативной записи |
RU\NLR\AUTH\6601541136 |
| 617 ## - ИЕРАРХИЧЕСКОЕ ГЕОГРАФИЧЕСКОЕ НАЗВАНИЕ, ИСПОЛЬЗУЕМОЕ КАК ПРЕДМЕТ |
| Страна |
|
| Другие географические объекты |
Сибирь |
| -- |
Енисей, река |
| 686 ## - ИНДЕКСЫ ДРУГИХ КЛАССИФИКАЦИЙ |
| Индекс |
П722.43(2Р54) |
| 700 #1 - ИМЯ ЛИЦА - ПЕРВИЧНАЯ ОТВЕТСТВЕННОСТЬ |
| Материалы, к которым относится поле |
rus |
| Графика поля |
Кириллица |
| Начальный элемент ввода |
Тугаринов |
| Часть имени, кроме начального элемента ввода |
А. Я. |
| Даты |
1880-1948 |
| Расширение инициалов личного имени |
Аркадий Яковлевич |
| Идентификатор авторитетной/нормативной записи |
RU\NLR\AUTH\77105515 |
| Системный номер авторитетной/нормативной записи |
88440 |
| 801 #0 - ИСТОЧНИК ЗАПИСИ |
| Страна |
Российская Федерация |
| Организация |
NLR |
| Правила каталогизации |
psbo |
| 801 #0 - ИСТОЧНИК ЗАПИСИ |
| Страна |
Российская Федерация |
| Организация |
RuMoRGB |
| Источник данных |
psbo |
| 801 #1 - ИСТОЧНИК ЗАПИСИ |
| Страна |
Российская Федерация |
| Организация |
ProSoft-M |
| Источник данных |
rusmarc |
| 801 #2 - ИСТОЧНИК ЗАПИСИ |
| Страна |
Российская Федерация |
| Организация |
NLR |
| Дата составления |
20131218 |
| Источник данных |
rusmarc |
| 852 ## - МЕСТОНАХОЖДЕНИЕ И ШИФР ХРАНЕНИЯ |
| Идентификатор организации |
NLR |
| Шифр хранения (Call Number) |
18.69.1.138 |
| 899 ## - ДАННЫЕ О МЕСТОНАХОЖДЕНИИ (устаревшее) |
| Местонахождение |
RuMoRGB |
| Шифр хранения |
F 109/660 |
| 899 ## - ДАННЫЕ О МЕСТОНАХОЖДЕНИИ (устаревшее) |
| Местонахождение |
БАН |
| 942 ## - ДОПОЛНИТЕЛЬНЫЕ ЭЛЕМЕНТЫ ЗАПИСИ (АБИС) |
| Тип экземпляра АБИС |
Книга |
| 980 ## - КОЛЛЕКЦИЯ |
| Название коллекции |
Национальная библиография |